Statistics for Name all the space shuttles

Click here to take the quiz!

General Stats

  • This quiz has been taken 35 times
  • The average score is 5 of 7

Answer Stats

Year deployedLast flightAnswer% Correct
19812003Columbia
93%
19831986Challenger
90%
19922011Endeavour
76%
19852011Atlantis
72%
19842011Discovery
69%
1976 (not flown)N/AEnterprise
69%
19881988Buran
7%

Score Distribution

Percentile by Number Answered

Percent of People with Each Score

Your Score History

You have not taken this quiz